[Event "It (open)"]
[Site "masterchessopen.com Vienna (Austria)"]
[Round "1"]
[White "Sprenger Jan Michael (GER)"]
[Black "Gratze Michael (AUT)"]
[Result "1-0"]
[WhiteElo "2477"]
[BlackElo "2089"]

{ } 1.e4 { 1 } 1...e5 2.Nf3 Nc6 3.Bb5 a6 4.Ba4 Nf6 5.O-O Be7 6.Re1 b5 7.Bb3 d6
8.c3 O-O 9.h3 Na5 10.Bc2 c5 11.d4 Nc6 { ?/= } 12.a4 ( 12.d5 Na7 13.Nbd2 Bd7
14.a4 Qc7 15.Nf1 Rae8 16.Be3 Nc8 17.N1d2 Bd8 18.Qe2 Qb7 19.Ra2 h6 20.Rea1 Bb6
21.axb5 axb5 22.b3 Ne7 23.b4 c4 24.Bxb6 Qxb6 25.Ra6 Qb8 26.Qe3 Nc8 27.Nh4 Re7
28.Nf1 Ne8 29.Ng3 Nc7 30.R6a2 Kh7 31.Ngf5 Ree8 { ...1-0, Bologan Viktor 2668 -
Sulskis Sarunas 2571 , Ohrid 2001 Ch Europe } ) ( 12.Nbd2 Qc7 13.dxc5 dxc5
14.Nf1 Be6 15.Ne3 Rad8 16.Qe2 c4 17.Nf5 Rfe8 18.Bg5 Nd7 19.Bxe7 Nxe7 20.Ng5 h6
21.Nxe6 fxe6 22.Ne3 Ng6 23.g3 Nf6 24.Red1 Rxd1+ 25.Rxd1 Rd8 26.Rxd8+ Qxd8
27.b3 cxb3 28.Bxb3 Nf8 29.c4 Qd7 30.Qc2 Qb7 31.cxb5 axb5 { ...1-0, Fischer
Robert J 2760 - O'Kelly de Galway Alberic 2450 , Buenos Aires 1970 It } )
12...Bd7 ( 12...b4 13.dxc5 dxc5 14.Qe2 Qc7 15.Nbd2 Nh5 16.Nc4 Be6 17.g3 g6
18.Ng5 Bxc4 19.Qxc4 Na5 20.Qe2 c4 21.Nf3 Rfd8 22.Be3 b3 23.Bd1 Rd3 24.Kg2 f6
25.Qf1 Rad8 26.Bh6 Qc6 27.Nh2 Ng7 28.Ng4 Nf5 29.Bf3 Nxh6 30.Nxh6+ Kg7 31.Ng4
Bc5 32.Nh2 { ...0-1, Tringov Georgi P 2490 - Sliwa Bogdan 2235 , Tel Aviv 1964
Olympiad } ) 13.d5 Na5 ( 13...Na7 14.axb5 axb5 15.b4 c4 16.Nxe5 dxe5 17.d6
Bxd6 18.Qxd6 Nc8 19.Rxa8 Nxd6 20.Rxd8 Rxd8 21.f4 Nb7 22.fxe5 Ne8 23.Nd2 Nc7
24.Nf3 Ne6 25.Rd1 Be8 26.Rxd8 Nbxd8 27.Kf2 Nc6 28.Be3 Kf8 29.Bb6 Ke7 30.Ke3
Kd7 31.Bd1 Kc8 32.Nd4 Nexd4 33.Bxd4 { ...1-0, Stein Leonid Z 2605 - Tarnowski
Alfred, Bucharest 1961 It } ) 14.Nbd2 ( 14.Nxe5 dxe5 15.d6 Be6 16.dxe7 Qxe7
17.axb5 axb5 18.Nd2 c4 19.Qe2 b4 20.Nf3 b3 21.Bd1 Nd7 22.Ng5 Nc5 23.Qh5 h6
24.Nxe6 Qxe6 25.Bg4 Qc6 26.Be2 Qe6 27.Bg4 Qc6 28.Rd1 Nab7 29.Rxa8 Rxa8 30.Be2
Qxe4 31.Bf3 Qc2 32.Bd5 Rf8 33.Bxc4 Nd6 { ...1-0, Zapata Alonso 2495 - Ree Hans
2450 , Jakarta 1986 } ) ( 14.b4 Nb7 15.Be3 Qc7 16.Nbd2 Rfc8 17.Ra2 a5 18.bxa5
Nxa5 19.axb5 Bxb5 20.c4 Be8 21.Qa1 Bd8 22.Rb1 Rcb8 23.Ne1 Nd7 24.Rb5 Qc8
25.Bd1 { 1/2-1/2, Ljubojevic Ljubomir 2615 - Romanishin Oleg M 2590 , Tilburg
1985 It "Interpolis" (cat.15) } ) ( 14.axb5 axb5 15.Nxe5 dxe5 16.d6 Bc6
17.dxe7 Qxe7 18.Nd2 Nb7 19.Rxa8 Rxa8 20.Qe2 { 1/2-1/2, Kurajica Bojan 2490 -
Padevsky Nikola 2460 , Sarajevo 1970 It } ) ( 14.b3 Qc7 15.Nbd2 g6 16.Ra2 Rfb8
17.b4 Nb7 18.a5 Nh5 19.Nf1 Bf6 20.Ne3 Bg7 21.Bd3 Rc8 22.Bf1 cxb4 23.cxb4 Nd8
24.g3 Nf6 25.Qd3 Ne8 26.Bd2 f6 27.h4 Nf7 28.Kh2 Bh6 29.Bh3 Bxh3 30.Kxh3 Qd7+
31.Kg2 Ng7 32.Rc1 Rxc1 33.Bxc1 Rc8 { ...1/2-1/2, Korneev Oleg 2565 - Kaiumov
Dmitry D 2430 , Jakarta 1997 Ch World Cities } ) 14...g6 { N } ( 14...Qc7
15.Nf1 ( 15.b4 cxb4 16.cxb4 Rac8 { } ) 15...b4 ( 15...Rfb8 16.b4 Nc4 17.a5 Rc8
18.Bd3 cxb4 19.cxb4 Qd8 20.Qe2 Rc7 21.N3h2 Rac8 22.g4 h5 23.Kh1 hxg4 24.hxg4
Nh7 25.Ng3 Bg5 26.Kg2 g6 27.Rh1 Qf6 28.Rf1 Bf4 29.Be3 Qg5 30.Bb6 Rb7 31.Bxc4
Rxc4 32.Rab1 Rb8 33.Rb2 Rbc8 34.Rh1 { ...0-1, Morice Ludovic 2088 - Loizil
Joel 1720 , Fouesnant 2000 It (open) } ) 16.Ne3 b3 17.Bb1 c4 18.Nf5 Bd8 19.Nh2
g6 20.Nh6+ Kh8 21.Kh1 Nh5 22.g4 Ng7 23.f4 exf4 24.Bxf4 f6 25.Rf1 Be7 26.Be3
Rae8 27.Bd4 Nb7 28.g5 fxg5 29.Nf7+ Kg8 30.Nh6+ Kh8 31.Nf7+ Kg8 32.Nh6+ Kh8
33.Rf7 Rxf7 34.Nxf7+ { ...1/2-1/2, Cabrilo Goran 2510 - Romanishin Oleg M 2550
, Stara Pazova 1988 } ) ( 14...c4 15.Nf1 Qc7 16.Ng3 Rfb8 17.axb5 Rxb5 18.Ba4
Rb7 19.Bg5 Nb3 20.Bxd7 Qxd7 21.Ra2 Nc5 22.Qe2 Nd3 23.Rb1 h6 24.Be3 Qb5 25.Nd2
a5 26.b3 Nc5 27.bxc4 Qd7 28.Rb5 a4 29.Bxc5 dxc5 30.Nb1 Ne8 31.Nf5 Bf8 32.Na3
g6 33.Ne3 Nd6 34.Ng4 { ...0-1, Hjartarson Johann 2550 - Romanishin Oleg M 2555
, Moscow 1987 It } ) ( 14...b4 15.cxb4 cxb4 16.b3 Qc7 17.Bb2 Nh5 18.Rc1 Nf4
19.Bb1 Qb8 20.Nc4 Nxc4 21.Rxc4 Rc8 22.Nd2 a5 23.Rxc8+ Qxc8 24.Qf3 Qa6 25.Kh2
Rc8 26.Rc1 Rxc1 27.Bxc1 Qc8 28.Nc4 Ng6 29.Be3 Nh4 30.Qh5 h6 31.Nxd6 Bxd6
32.Qxh4 f6 33.Qh5 Qc3 34.Qd1 { ...1-0, Joecks Christian 2340 - Hennings Artur
2345 , Germany 1994 Oberliga North 1994/95 } ) 15.b4 cxb4 { N } ( 15...Nb7
16.a5 Rc8 17.Nf1 Nh5 18.Bh6 Re8 19.Qd2 Bf8 20.Bg5 Be7 21.Be3 Bf6 22.Rac1 Bg7
23.Ng3 Nxg3 24.fxg3 Qc7 25.Bd3 cxb4 26.cxb4 Qb8 27.Rcd1 Nd8 28.g4 f6 29.Rc1
Nf7 30.Rxc8 Rxc8 31.Rc1 Bf8 32.Kf1 Be7 33.Ke2 Bd8 34.Rc3 Qb7 35.Rxc8 {
...1/2-1/2, DeFirmian Nick E 2595 - Torre Eugenio 2560 , Biel 1989 It } )
16.cxb4 Nc4 { ?! } ( 16...Nb7 { !? } 17.axb5 Bxb5 18.Nb1 Qc7 { } ) 17.Nxc4 { !
} ( 17.Bb3 { ? } 17...Qc7 18.a5 Rfc8 19.Ra2 { } ) 17...bxc4 18.Nxe5 { ? } ( {
? } 18.Re3 Qb8 19.Rb1 Rc8 20.Rc3 { } ) 18...dxe5 19.d6 Be6 { ?! } ( 19...Nh5 {
!? } 20.dxe7 Qxe7 21.Bb2 Rfd8 { } ) 20.dxe7 Qxe7 21.Bg5 Rfd8 22.Qc1 c3 { ?! }
( 22...Rab8 { !? } 23.Re3 h6 24.Bxh6 Ne8 { } ) 23.Re3 h6 24.Bxh6 Nh7 25.Rxc3
Qxb4 26.Bd2 Qe7 27.Bd3 Rd6 28.Be3 Qd8 29.Be2 Qh4 30.Rc5 f6 { ?! } ( 30...Nf6 {
!? } 31.Bg5 Qh8 32.f3 Ne8 { } ) 31.Rc6 Rad8 32.Rxd6 Rxd6 33.Qc7 Rd7 34.Qc6 { }
{#r} 1-0

[Event "It (open)"]
[Site "masterchessopen.com Imperia (Italy)"]
[Date "2003.09.06"]
[Round "8"]
[White "Rojicek Vojtech (CZE)"]
[Black "Seigert Frank (GER)"]
[Result "1-0"]
[WhiteElo "2090"]
[BlackElo "2043"]

1.e4 e5 2.Nf3 Nc6 3.Bb5 Nf6 4.O-O d6 5.c3 a6 6.Ba4 Be7 7.Re1 O-O 8.h3 b5 9.Bb3
Na5 10.Bc2 c5 11.d4 Qb6 12.dxe5 dxe5 13.Nxe5 Rd8 14.Qe2 Bb7 15.Nd2 Bd6 16.Nef3
Re8 17.e5 Nd7 18.Qd3 Rxe5 19.Nxe5 Nxe5 20.Qxh7+ Kf8 21.Qh8+ Ke7 22.Qxg7 Kd7
23.Bf5+ Kc6 24.Rxe5 Qc7 25.Re1 Kb6 26.Ne4 Re8 27.Be3 {#r} 1-0

[Event "It (cat.13)"]
[Site "masterchessopen.com Wijk aan Zee (Netherlands)"]
[Date "2004.01.23"]
[Round "11"]
[White "Stellwagen Daniel (NED)"]
[Black "Fressinet Laurent (FRA)"]
[Result "1-0"]
[WhiteElo "2512"]
[BlackElo "2640"]

{ } 1.e4 { 1 } 1...e5 2.Nf3 Nc6 3.Bb5 a6 4.Ba4 Nf6 5.O-O Be7 6.Re1 b5 7.Bb3 d6
8.c3 O-O 9.h3 Na5 10.Bc2 c5 11.d4 Nd7 12.Nbd2 exd4 13.cxd4 Nc6 14.d5 ( 14.Nb3
Bb7 15.Bf4 Re8 16.a3 Rc8 17.Rc1 b4 18.d5 Nce5 19.Bxe5 Nxe5 20.Nxe5 dxe5
21.axb4 cxb4 22.Ra1 Qb6 23.Bd3 f5 24.exf5 Bf6 25.Be4 Red8 26.Qd3 Qb5 27.Qxb5
axb5 28.Red1 Rd6 29.Na5 Ba8 30.Nc6 Bxc6 31.dxc6 Be7 32.Rxd6 Bxd6 33.Ra5 Bc7 {
...1-0, Bellaiche Anthony 2474 - Degtiarev Evgeny 2281 , Halkidiki 2003 Ch
World (juniors) (under 16) } ) 14...Nce5 { ? } 15.Nh2 ( 15.a4 Bb7 16.Nxe5 Nxe5
17.f4 Nd7 18.Nf3 Re8 19.Bd2 Bf6 20.Ra2 g6 21.Kh2 Bg7 22.b3 Qc7 23.Bd3 c4
24.bxc4 Nc5 25.Bc2 bxc4 26.Ra3 a5 27.Bc3 Ba6 28.Bxg7 Kxg7 29.Nd4 Nd3 30.Bxd3
cxd3 31.Nc6 Kg8 32.Qd2 Rac8 33.Rb3 f5 34.exf5 Qf7 { ...1-0, Topalov Veselin
2735 - Adams Michael 2720 , Cap d'Agde 2003 It (active) (Gr.A) } ) 15...Ng6 (
15...Nb6 16.Ndf1 f5 17.exf5 Bxf5 18.Bxf5 Rxf5 19.Ng3 Rf7 20.Ng4 Nxg4 21.hxg4
Bf6 22.Nf5 Qd7 23.Re6 Be5 24.f4 Rxf5 25.gxf5 Bd4+ 26.Be3 Bxb2 27.Rb1 Bf6 28.g4
Qb7 29.g5 Bc3 30.Qd3 Qxd5 31.Rd1 Qf3 32.Bf2 Qg4+ 33.Kf1 c4 34.Qe2 Qxe2+
35.Kxe2 { ...1-0, Zhigalko Sergei 2493 - Olszewski Michal 2348 , Budva 2003 Ch
Europe (juniors) (under 14) } ) ( 15...g5 16.Ndf1 Bf6 17.Qh5 Kh8 18.Ng3 Rg8
19.Ng4 Rg6 20.Ne3 c4 21.Rb1 Nc5 22.b3 Ncd3 23.Bxd3 Nxd3 24.Rd1 Nxc1 25.Rdxc1
c3 26.b4 Bd7 27.Rc2 Qe7 28.Qf3 Re8 29.Re1 Qe5 30.Nh5 g4 31.hxg4 Bd8 32.Qxf7
Bxg4 33.Nf4 Rgg8 34.Nxg4 Qg5 35.Rxc3 { ...1-0, Ponomariov Ruslan 2722 - Graf
Alexander 2629 , Plovdiv 2003 Ch Europe (team) } ) 16.g3 ( 16.a4 Rb8 17.Ng4
Bg5 18.axb5 axb5 19.b4 c4 20.Bb2 Nde5 21.Nxe5 Nxe5 22.Nf3 Bf6 23.Nd4 Qb6
24.Ra5 Nd3 25.Rxb5 Qxb5 26.Nxb5 Nxb2 27.Qb1 Rxb5 28.e5 Bxe5 29.Rxe5 dxe5
30.Qxb2 Rxd5 31.b5 Bd7 32.b6 Rb5 33.Qa3 Rxb6 34.Bxh7+ Kxh7 35.Qxf8 c3 {
...1-0, Kotronias Vasilios 2615 - Graf Alexander 2580 , Ikaria 1996 It (open)
} ) ( 16.Ndf1 Bg5 17.Ne3 Nde5 18.Nf5 Bxc1 19.Qxc1 Ne7 20.f4 Nxf5 21.fxe5 Nd4
22.exd6 Qxd6 23.e5 Qb6 24.Be4 f5 25.Bf3 Bb7 26.d6 Ne6 27.Qd2 c4+ 28.Qe3 Qxe3+
29.Rxe3 Bxf3 30.Nxf3 Kf7 31.a4 Rfb8 32.Rc3 g5 33.axb5 axb5 34.Rca3 Rxa3
35.Rxa3 Rb7 { ...1/2-1/2, Anagnostopoulos Dimitri 2515 - Skembris Spyridon
2420 , Portaria 1996 Ch Greece } ) 16...Nf6 17.h4 Ne5 { } 18.Ndf3 { N } (
18.Ndf1 h5 19.Bf4 Nfg4 20.Bxe5 dxe5 21.Qd2 c4 22.b3 cxb3 23.axb3 Bc5 24.Nxg4
Bxg4 25.Bd1 Qd6 26.Qd3 Bb4 27.Re3 Bc5 28.Re1 Bb4 29.Re3 { 1/2-1/2, Ponomariov
Ruslan 2722 - Adams Michael 2720 , Cap d'Agde 2003 It (active) (Gr.A) } )
18...Neg4 19.a4 Rb8 { } ( 19...b4 { !? } 20.Qd3 Qc7 21.Bf4 c4 { } ) 20.axb5
axb5 21.b4 { ?! } ( 21.Bf4 { !? } 21...Nxh2 22.Nxh2 c4 23.Qd2 { } ) 21...Nxh2
22.Nxh2 Nd7 23.Ng4 cxb4 24.Bb2 { } ( 24.e5 { !? } 24...Nxe5 25.Nxe5 dxe5
26.Bb2 { } ) 24...b3 25.Bb1 Nc5 { ? } ( { ? } 25...f6 26.Ne3 Nc5 27.Nf5 Qc7 {
} ) 26.e5 Rb6 { ?? } ( 26...Bxg4 27.Qxg4 g6 28.h5 Na4 { } ) 27.Nf6+ Bxf6
28.exf6 g6 29.Qd2 Nd7 30.Re7 { } {#r} 1-0

[Event "Ch Azerbaijan (juniors) (under 20)"]
[Site "masterchessopen.com Baku (Azerbaijan)"]
[Date "2004.01.30"]
[Round "0"]
[White "Gurbanov Sabukhi (AZE)"]
[Black "Allajov Ramil (AZE)"]
[Result "1-0"]
[WhiteElo "2085"]
[BlackElo "2067"]

1.e4 e5 2.Nf3 Nc6 3.Bb5 a6 4.Ba4 Nf6 5.O-O Be7 6.Re1 b5 7.Bb3 O-O 8.h3 d6 9.c3
Na5 10.Bc2 c5 11.a4 Bd7 12.d4 cxd4 13.cxd4 Nc6 14.axb5 axb5 15.Rxa8 Qxa8
16.Nc3 Nxd4 17.Nxd4 exd4 18.Qxd4 Bc6 19.Nd5 Bxd5 20.exd5 Bd8 21.Bf4 Ba5 22.Ra1
Qd8 23.Bg5 Bb6 24.Qd3 g6 25.Qc3 Kg7 26.Ra8 Qxa8 27.Qxf6+ Kg8 28.Bh6 Bd4
29.Qxd4 f6 30.Bxf8 Qxf8 31.Bd3 {#r} 1-0

[Event "Ch France (team) (nat.4) 2003/04"]
[Site "masterchessopen.com France"]
[Date "2004.02.01"]
[Round "5"]
[White "Ezanno Yvon"]
[Black "Grouazel Fernand"]
[Result "1-0"]
[WhiteElo "1550"]
[BlackElo "1410"]

1.e4 e5 2.Nf3 Nc6 3.Bb5 a6 4.Ba4 Nf6 5.O-O b5 6.Bb3 d6 7.Re1 Be7 8.h3 O-O 9.c3
Na5 10.Bc2 c5 11.d4 cxd4 12.cxd4 exd4 13.Nxd4 Qc7 14.Nd2 Nc6 15.N2f3 Ne5
16.Bf4 Nxf3+ 17.Qxf3 Bb7 18.Rac1 Rac8 19.Bb1 Qb8 20.Nf5 Rfe8 21.Qg3 Nh5
22.Nxe7+ Rxe7 23.Qg5 Nxf4 24.Rxc8+ Bxc8 25.Qxe7 Be6 26.Qh4 Ng6 27.Qg3 Ne5
28.Qc3 g6 29.Kh1 Qb6 30.f4 Nc4 31.f5 b4 32.Qc1 gxf5 33.exf5 Bd7 34.Qg5+ {#r}
1-0

[Event "It (cat.18)"]
[Site "masterchessopen.com Poikovsky (Russia)"]
[Date "2004.03.18"]
[Round "2"]
[White "Grischuk Alexander (RUS)"]
[Black "Sokolov Ivan (NED)"]
[Result "1-0"]
[WhiteElo "2704"]
[BlackElo "2663"]

{ Grischuk Alexander (RUS) +0 =2 -0 Sokolov Ivan (NED) +1 =3 -1 } 1.e4 { 1 }
1...e5 2.Nf3 Nc6 3.Bb5 a6 4.Ba4 Nf6 5.O-O Be7 6.Re1 b5 7.Bb3 d6 8.c3 O-O 9.h3
Na5 10.Bc2 c5 11.d4 cxd4 12.cxd4 Bb7 13.d5 Rc8 ( 13...Nc4 14.a4 bxa4 15.Bd3
Nb6 16.Nc3 Nfd7 17.Be3 Kh8 18.Nxa4 Nxa4 19.Qxa4 f5 20.exf5 Bxd5 21.Nd2 Bg5
22.b4 Bxe3 23.Rxe3 Nb6 24.Qd1 Bb7 25.Qh5 Nd5 26.Rg3 Nf4 27.Qg4 Qf6 28.Rc1 Rac8
29.Rxc8 Rxc8 30.Ne4 Bxe4 31.Bxe4 h5 32.Qf3 h4 33.Rg4 { ...0-1, Sion Castro
Marcelino 2390 - Smyslov Vassily 2530 , Oviedo 1992 It (active) } ) 14.b3 (
14.Nbd2 Nh5 ( 14...Qc7 15.Bd3 Nd7 16.Nf1 f5 17.Ng5 Bxg5 18.Bxg5 Nc4 { } )
15.Nf1 Qc7 16.Ne3 g6 17.b3 Rb8 18.Bd2 Bc8 19.Rc1 Bd7 20.b4 Nb7 21.Bb3 Qb6
22.Ng4 Rfc8 23.Ng5 Rxc1 24.Bxc1 Nd8 25.Be3 Qb7 26.Nh6+ Kg7 27.Nf5+ Bxf5
28.exf5 Qd7 29.Ne4 Nf6 30.Nxf6 Bxf6 31.fxg6 fxg6 32.Qd2 Rc8 33.Rc1 Nf7 {
...1-0, Geller Efim P 2615 - Cobo Arteaga Eldis 2425 , Habana 1971 Memorial
J.Capablanca } ) 14...Qc7 15.Bd3 { ? } 15...Nh5 { } ( 15...Nxe4 16.Bxe4 f5
17.Bd3 e4 18.Bg5 Bf6 19.Bxf6 Rxf6 20.Be2 exf3 21.Bxf3 b4 22.Nd2 Rff8 23.a3 Qb6
24.axb4 Qxb4 25.Ra4 Qc3 26.Re3 Qb2 27.Nf1 Rc5 28.Qe1 Rc1 29.Qxa5 Qb1 30.Be2 f4
31.Rf3 g5 32.Bd3 Qb2 33.Rc4 { 1-0, Morozevich Alexander 2742 - Ponomariov
Ruslan 2684 , Moscow 2001 Ch World FIDE (KO-system) } ) 16.a4 { N } ( 16.Bf1
f5 17.exf5 Nf4 18.Bxf4 exf4 19.Na3 Bf6 20.Rb1 Qc3 21.Nxb5 { 1/2-1/2, Ciocaltea
Viktor 2470 - Smejkal Jan 2600 , Halle 1974 It } ) 16...b4 17.Bd2 f5 18.Bxb4
Nf4 19.Nc3 Nxb3 20.Rb1 Nc5 21.Bxc5 Qxc5 22.Rxb7 Qxc3 23.Bxa6 Qa5 24.Rxe7 Qxa6
25.Nh4 fxe4 { ?! } ( 25...Rf6 { !? } 26.Nxf5 Rg6 27.g3 Nxh3+ { } ) 26.Qg4 Rf7
27.Nf5 h5 28.Qg5 e3 29.Rxf7 exf2+ 30.Kh2 { } {#r} 1-0

[Event "Ch Poland (juniors) (under 16)"]
[Site "masterchessopen.com Leba (Poland)"]
[Date "2004.03.27"]
[Round "1"]
[White "Majcher Marcin (POL)"]
[Black "Olszewski Michal (POL)"]
[Result "0-1"]
[WhiteElo "2062"]
[BlackElo "2339"]

1.e4 e5 2.Nf3 Nc6 3.Bb5 a6 4.Ba4 Nf6 5.O-O Be7 6.Re1 b5 7.Bb3 d6 8.c3 O-O 9.h3
Na5 10.Bc2 c5 11.d4 Nd7 12.Nbd2 exd4 13.cxd4 Nc6 14.d5 Nce5 15.Nxe5 Nxe5 16.f4
Ng6 17.Nf3 f5 18.e5 dxe5 19.fxe5 Bb7 20.d6 Bh4 21.Nxh4 Qxh4 22.e6 Qg3 23.Re2
Nh4 24.Bf4 Qxf4 25.e7 Qg5 26.exf8=Q+ Rxf8 27.Qf1 Rd8 28.Rd1 Nf3+ 29.Kh1 Nd4
30.Rf2 Rxd6 31.Bxf5 Nxf5 32.Rxf5 Bxg2+ {#R} 0-1

[Event "Ch Russia (juniors) (under 14)"]
[Site "masterchessopen.com Dagomys (Russia)"]
[Round "8"]
[White "Omariev Maksim (RUS)"]
[Black "Fediaev Mikhail (RUS)"]
[Result "0-1"]
[WhiteElo "2128"]
[BlackElo "2086"]

1.e4 e5 2.Nf3 Nc6 3.Bb5 a6 4.Ba4 Nf6 5.O-O b5 6.Bb3 Be7 7.Re1 O-O 8.c3 d6 9.h3
Na5 10.Bc2 c5 11.d4 Nc6 12.d5 Nb8 13.a4 Bb7 14.a5 Bc8 15.b4 c4 16.Be3 Ne8
17.g4 h5 18.Nh2 Bg5 19.Nd2 hxg4 20.hxg4 g6 21.Kh1 Kg7 22.Ndf1 Rh8 23.Qf3 Bxe3
24.Nxe3 Qh4 25.Qg2 Nf6 26.f3 Nh7 27.Re2 Ng5 28.Qf2 Qh6 29.Qg3 {#R} 0-1

[Event "Ch Austria (juniors) (under 18)"]
[Site "masterchessopen.com Illmitz (Austria))"]
[Date "2004.04.05"]
[Round "3"]
[White "Schweinberger Martin (AUT)"]
[Black "Pirker Georg (AUT)"]
[Result "0-1"]
[WhiteElo "1965"]
[BlackElo "2071"]

1.e4 e5 2.Nf3 Nc6 3.Bb5 a6 4.Ba4 Nf6 5.O-O b5 6.Bb3 Be7 7.c3 O-O 8.Re1 d6 9.h3
Na5 10.Bc2 c5 11.d4 exd4 12.cxd4 Bd7 13.b3 d5 14.e5 Ne4 15.a3 f6 16.dxc5 Bxc5
17.Re2 fxe5 18.b4 Bxf2+ 19.Rxf2 Nxf2 20.Kxf2 e4 21.bxa5 Qh4+ 22.g3 Qxh3 {#R}
0-1

[Event "It (open) \"]
[Site "masterchessopen.com Bratislava (Slovakia)"]
[Date "2004.05.08"]
[Round "9"]
[White "Mikulas Dusan (SVK)"]
[Black "Polasek Filip (SVK)"]
[Result "0-1"]
[WhiteElo "2151"]
[BlackElo "2018"]

1.e4 e5 2.Nf3 Nc6 3.Bb5 a6 4.Ba4 Nf6 5.O-O Be7 6.Re1 b5 7.Bb3 O-O 8.h3 d6 9.c3
Na5 10.Bc2 c5 11.d4 exd4 12.cxd4 Ne8 13.d5 f5 14.exf5 Bxf5 15.Bxf5 Rxf5 16.Qe2
Rf7 17.Nc3 h6 18.Qe4 Bf6 19.Ne2 Nc4 20.Rb1 Re7 21.Qg6 Nc7 22.b3 Ne5 23.Nxe5
Rxe5 24.Bf4 Re7 25.Qg3 Be5 26.Bxe5 Rxe5 27.Nf4 Nxd5 28.Ng6 Rg5 29.Qd3 Qf6
30.Nh4 Rf8 31.Qd2 Nf4 32.Kh2 Rd5 {#R} 0-1

[Event "Ch France"]
[Site "masterchessopen.com Val d'Isere (France)"]
[Date "2004.08.16"]
[Round "1"]
[White "Fressinet Laurent (FRA)"]
[Black "Le Roux Jean-Pierre (FRA)"]
[Result "1-0"]
[WhiteElo "2640"]
[BlackElo "2460"]

{ Fressinet Laurent (FRA) +1 =0 -0 Fressinet Laurent (FRA) +1 =0 -0 } 1.e4 { 1
} 1...e5 2.Nf3 Nc6 3.Bb5 a6 4.Ba4 Nf6 5.O-O Be7 6.Re1 b5 7.Bb3 O-O 8.h3 d6
9.c3 Na5 10.Bc2 c5 11.d4 Nd7 12.Nbd2 exd4 13.cxd4 Nc6 14.d5 Nce5 { ? } 15.Nxe5
( 15.a4 Bb7 16.Nxe5 Nxe5 17.f4 Nd7 18.Nf3 Re8 19.Bd2 Bf6 20.Ra2 g6 21.Kh2 Bg7
22.b3 Qc7 23.Bd3 c4 24.bxc4 Nc5 25.Bc2 bxc4 26.Ra3 a5 27.Bc3 Ba6 28.Bxg7 Kxg7
29.Nd4 Nd3 30.Bxd3 cxd3 31.Nc6 Kg8 32.Qd2 Rac8 33.Rb3 f5 34.exf5 Qf7 { ...1-0,
Topalov Veselin 2735 - Adams Michael 2720 , Cap d'Agde 2003 It (active) (Gr.A)
} ) 15...Nxe5 16.a4 ( 16.f4 Ng6 17.Nf3 Bh4 18.Nxh4 Qxh4 19.Rf1 Bxh3 20.gxh3
Qg3+ 21.Kh1 Qxh3+ 22.Kg1 Qg3+ 23.Kh1 Qh3+ { 1/2-1/2, Leitao Rafael 2564 -
Morovic Fernandez Ivan 2583 , Sao Paulo 23. 8.2004 It (active) } ) 16...Bb7 {
N ^254 ^00 ^00 ^00 ^04 !? } ( 16...Rb8 17.axb5 axb5 18.f4 Ng6 19.Nf3 Bh4
20.Nxh4 Qxh4 21.f5 Ne5 22.Rf1 Bd7 23.Bf4 Ra8 24.Qd2 Qe7 25.b4 Nc4 26.Qc3 cxb4
27.Qxb4 Qf6 28.Qe1 Qb2 29.Rc1 Rfe8 30.Qf2 Ra3 31.Bb1 Qxf2+ 32.Rxf2 f6 33.Rf3
Rea8 34.Bd3 Ne5 35.Bxe5 dxe5 36.Bf1 { ...1/2-1/2, Anand Viswanathan 2753 -
Ponomariov Ruslan 2734 , Mainz 2002 Match "Dual of the WCh" } ) ( 16...Bd7
17.f4 Ng6 18.Nf3 Bh4 19.Re2 Bg3 20.e5 dxe5 21.fxe5 Re8 22.e6 fxe6 23.Ng5 Nf8
24.Qd3 Bh4 25.dxe6 Bxe6 26.Nxe6 Qxd3 27.Bxd3 Nxe6 28.axb5 axb5 { 1/2-1/2,
David Alberto 2580 - Fressinet Laurent 2638 , France 5. 5.2004 Ch France
(team) 2004 } ) 17.f4 Ng6 { } 18.Nf3 Bh4 19.Rf1 Bg3 20.f5 Ne5 21.Ng5 Bh4 { ? }
( { ? } 21...Nd7 22.axb5 Be5 23.bxa6 Rxa6 { } ) 22.f6 g6 { ?! } ( 22...Bxg5 {
!? } 23.Bxg5 g6 24.Qc1 Qb6 { } ) 23.Qd2 Nd7 24.Nxh7 Bxf6 25.Nxf6+ Nxf6 26.Qh6
Nh7 27.Rf4 { } {#r} 1-0

[Event "Ch Spain (open)"]
[Site "masterchessopen.com Sevilla (Spain)"]
[Date "2004.08.17"]
[Round "5"]
[White "Martin Perez Javier (ESP)"]
[Black "Candela Perez Jose (ESP)"]
[Result "1-0"]
[WhiteElo "2232"]
[BlackElo "2426"]

1.e4 e5 2.Nf3 Nc6 3.Bb5 a6 4.Ba4 Nf6 5.O-O Be7 6.Re1 b5 7.Bb3 d6 8.c3 O-O 9.h3
Na5 10.Bc2 c5 11.d4 Nd7 12.Nbd2 exd4 13.cxd4 Nc6 14.dxc5 dxc5 15.Nf1 Bf6
16.Ne3 Nb6 17.a4 Be6 18.axb5 axb5 19.Rxa8 Qxa8 20.e5 Nxe5 21.Nxe5 Rd8 22.Qh5
g6 23.Nxg6 hxg6 24.Bxg6 Qa5 25.Nc2 Bg7 26.Bh7+ Kf8 27.Qxc5+ Ke8 28.Bg5 {#r}
1-0

[Event "It (cat.8)"]
[Site "masterchessopen.com Klaksvik (Faroe Islands)"]
[Date "2004.09.01"]
[Round "6"]
[White "Hermansson Emil (SWE)"]
[Black "Olsen Heini (FAI)"]
[Result "1-0"]
[WhiteElo "2414"]
[BlackElo "2352"]

1.e4 e5 2.Nf3 Nc6 3.Bb5 a6 4.Ba4 Nf6 5.O-O Be7 6.Re1 b5 7.Bb3 d6 8.c3 O-O 9.h3
Na5 10.Bc2 c5 11.d4 Nd7 12.b3 cxd4 13.cxd4 Nc6 14.Nc3 exd4 15.Nd5 Nde5 16.Nxd4
Nxd4 17.Qxd4 Bxh3 18.f4 Nc6 19.Qc3 Be6 20.Bb2 f6 21.Qxc6 Rc8 22.Qb7 Rxc2
23.Nxe7+ Kh8 24.Ba3 Rf7 25.Nc6 Qe8 26.Qb8 Bc8 27.Rac1 Rxa2 28.Nd8 Rc7 29.Qxc7
{#r} 1-0

[Event "Ch Finland (team) 2004/05 (I Division)"]
[Site "masterchessopen.com Finland"]
[Date "2004.09.18"]
[Round "1"]
[White "Sammalvuo Tapani (FIN)"]
[Black "Hermlin Aarne (EST)"]
[Result "1-0"]
[WhiteElo "2438"]
[BlackElo "2272"]

1.e4 e5 2.Nf3 Nc6 3.Bb5 a6 4.Ba4 Nf6 5.O-O Be7 6.Re1 b5 7.Bb3 O-O 8.h3 d6 9.c3
Na5 10.Bc2 c5 11.d4 Bb7 12.d5 Bc8 13.b3 Ne8 14.Nbd2 Bd7 15.Nf1 Nb7 16.a4 bxa4
17.bxa4 c4 18.Ne3 Rc8 19.Rb1 Na5 20.Rb4 g6 21.Qe2 f5 22.Nxc4 Nxc4 23.Rxc4 f4
24.Ba3 g5 25.Rxc8 Bxc8 26.Qc4 Kh8 27.Nxe5 dxe5 28.Bxe7 Qxe7 29.Qxc8 Nf6
30.Qxa6 Qc5 31.Qc6 Qxc6 32.dxc6 Rc8 33.a5 Rxc6 34.Ra1 {#r} 1-0

[Event "Ch Finland (team) 2004/05"]
[Site "masterchessopen.com Finland"]
[Date "2004.10.09"]
[Round "3"]
[White "Maki Veijo (FIN)"]
[Black "Norri Joose (FIN)"]
[Result "1-0"]
[WhiteElo "2388"]
[BlackElo "2420"]

1.e4 e5 2.Nf3 Nc6 3.Bb5 a6 4.Ba4 Nf6 5.O-O Be7 6.Re1 b5 7.Bb3 d6 8.c3 O-O 9.h3
Na5 10.Bc2 c5 11.d4 Nd7 12.Nbd2 exd4 13.cxd4 Nc6 14.dxc5 dxc5 15.e5 Bb7 16.Qe2
Re8 17.e6 Bf6 18.exf7+ Kxf7 19.Ne4 Kg8 20.Bg5 Nd4 21.Nxd4 Bxg5 22.Bb3+ c4
23.Bxc4+ bxc4 24.Qxc4+ Kh8 25.Nd6 Rxe1+ 26.Rxe1 Nb6 27.Nf7+ Kg8 28.Nxd8+ Nxc4
29.Re8# 1-0

[Event "Ch France (team) (juniors) 2004/05"]
[Site "masterchessopen.com France"]
[Date "2004.11.21"]
[Round "2"]
[White "Candy Romain (FRA)"]
[Black "Esposito Julie (FRA)"]
[Result "1-0"]
[WhiteElo "2018"]
[BlackElo "1781"]

1.e4 e5 2.Nf3 Nc6 3.Bb5 a6 4.Ba4 Nf6 5.O-O b5 6.Bb3 Be7 7.Re1 O-O 8.c3 d6 9.h3
Na5 10.Bc2 c5 11.d4 exd4 12.cxd4 h6 13.Nbd2 Re8 14.Nf1 Nc4 15.b3 Nb6 16.Ng3
Bf8 17.Bd2 b4 18.Rc1 Bd7 19.Bb1 Rc8 20.Bd3 a5 21.Be3 a4 22.Nd2 cxd4 23.Bxd4
Ra8 24.Nc4 Nxc4 25.Bxc4 Nh7 26.Nh5 Ng5 27.f4 Ne6 28.Ba1 Qh4 29.f5 Nc5 30.Bxf7+
Kxf7 31.Rxc5 {#r} 1-0

[Event "It (open)"]
[Site "masterchessopen.com Obrenovac (Yugoslavia)"]
[Date "2004.11.22"]
[Round "1"]
[White "Todorovic Jovan (SRB)"]
[Black "Sarovski Nikola (SRB)"]
[Result "1-0"]
[WhiteElo "2408"]
[BlackElo "2079"]

1.e4 e5 2.Nf3 Nc6 3.Bb5 a6 4.Ba4 Nf6 5.O-O Be7 6.Re1 b5 7.Bb3 d6 8.c3 O-O 9.h3
Na5 10.Bc2 c5 11.d4 Nc6 12.d5 Na7 13.Nbd2 g6 14.Nf1 Kg7 15.Ng3 a5 16.a4 Bd7
17.Nxe5 dxe5 18.d6 Be6 19.dxe7 Qxe7 20.axb5 Nxb5 21.Qe2 c4 22.Rd1 Nd7 23.Nf5+
Bxf5 24.exf5 Rfc8 25.Qe3 Nc5 26.Rd5 e4 27.f6+ {#r} 1-0

[Event "Ch Asia (juniors) (under 12) (g)"]
[Site "masterchessopen.com Pattaya (Thailand)"]
[Round "3"]
[White "Tang Qing-Wei Joey (SIN)"]
[Black "Lo Yin-Ling Melissa (SIN)"]
[Result "1-0"]
[WhiteElo "1583"]
[BlackElo "1876"]

1.e4 e5 2.Nf3 Nc6 3.Bb5 a6 4.Ba4 Nf6 5.O-O b5 6.Bb3 Be7 7.c3 O-O 8.Re1 d6 9.h3
Na5 10.Bc2 Bd7 11.d4 exd4 12.cxd4 Nc4 13.b3 Nb6 14.Nbd2 Bc6 15.Nf1 d5 16.e5
Nfd7 17.Qe2 Re8 18.e6 Nb8 19.exf7+ Kxf7 20.Qe6+ Kf8 21.Bxh7 {#r} 1-0